000 00455pab a2200145 454500
008 180718b xxu||||| |||| 00| 0 eng d
100 _aDas Hari
245 _aRoles Indian managers play: an investigation into the nature of managerial work in India
362 _a29(2), Oct 93, p.133-56
650 _a Managers -- India
650 _aExecutives - India
700 _aManimala Mathew J.
773 _aIndian Journal of Industrial Relations
909 _a26022
999 _c26022
_d26022